书目信息 |
| 题名: |
土地开发整理手册
|
|
| 作者: | 国土资源部耕地保护司 编 ;国土资源部土地整理中心 编 | |
| 分册: | ||
| 出版信息: | 北京 中国大地出版社 2002.12 |
|
| 页数: | 257页 | |
| 开本: | 18cm | |
| 丛书名: | ||
| 单 册: | ||
| 中图分类: | F323.211-62 | |
| 科图分类: | ||
| 主题词: | 农业经济--中国 | |
| 电子资源: | ||
| ISBN: | 7-80097-471-5 | |
| 000 | 00795nam0 2200205 45 | |
| 001 | 0431878484 | |
| 005 | 2004060908511826 | |
| 010 | @a7-80097-471-5@dCNY 25.00 | |
| 100 | @a20040609d2002 km y0chiy0120 ea | |
| 101 | 0 | @achi |
| 102 | @aCN@b110000 | |
| 200 | 1 | @a土地开发整理手册@ATu Di Kai Fa Zheng Li Shou Ce@f国土资源部耕地保护司,国土资源部土地整理中心编@FGuo Tu Zi Yuan Bu Geng Di Bao Hu Si,Guo Tu Zi Yuan Bu Tu Di Zheng Li Zhong Xin Bian |
| 210 | @a北京@c中国大地出版社@d2002.12 | |
| 215 | @a257页@d18cm | |
| 606 | 0 | @a农业经济@x中国 |
| 690 | @aF323.211-62@v3 | |
| 701 | 0 | @a国土资源部耕地保护司@AGuo Tu Zi Yuan Bu Geng Di Bao Hu Si@4编 |
| 711 | 0 | @a国土资源部土地整理中心@AGuo Tu Zi Yuan Bu Tu Di Zheng Li Zhong Xin@4编 |
| 801 | 0 | @aCN@bPFT@c20040609 |
| 905 | @a安徽大学@dF323.211-62@eG9451 | |
| 土地开发整理手册/国土资源部耕地保护司,国土资源部土地整理中心编.-北京:中国大地出版社,2002.12 |
| 257页;18cm |
| ISBN 7-80097-471-5:CNY 25.00 |
| ● |
| 相关链接 |
|
|
|
正题名:土地开发整理手册
索取号:F323.211-62/G9451
 
预约/预借
| 序号 | 登录号 | 条形码 | 馆藏地/架位号 | 状态 | 备注 |
| 1 | 379194 | 203791940 | 社科库409/400A自科库 8排1列2层/ [索取号:F323.211-62/G9451] | 在馆 | |
| 2 | 379195 | 203791959 | 社科二线422/422社科库 27排2列3层/ [索取号:F323.211-62/G9451] | 在馆 | |
| 3 | 379196 | 203791968 | 社科库409/409社科库 33排3列3层/ [索取号:F323.211-62/G9451] | 在馆 |